000
00299nam a22001217a 4500
008
260530b |||||||| |||| 00| 0 eng d
020
_a
9789381275153
100
_a
Chor, Prahlad
245
_a
Avayavasarah
260
_a
Bangalore
_b
Poorna Prajna Samshodhan Trust
_c
2012
300
_a
58p
942
_2
ddc
999
_c
1486
_d
1486